000 00810nam0a22002531 4500
001 v19\rc\1293902
005 20260407060625.0
035 _a(NLR Aleph) 004440931
090 _a4401354
_c4401354
100 _a20060306d1860 |||y0rusy50 ca
101 0 _arus
102 _aRU
105 _ay z |||||
200 1 _aОснования, принятые для преобразования Киевского губернского управления
210 _aКиев
_cГуб. тип.
_d1860
215 _a30, 110 с.
_d22
712 0 2 _aКиевское губ. правление
_3RU\NLR\AUTH\8810027487
_9553424
801 0 _aRU
_bNLR
_gpsbo
801 0 _aRU
_bRuMoRGB
_2psbo
801 1 _aRU
_bProSoft-M
_2rusmarc
852 _aNLR
_j18.105.6.41
899 _aНБ СПбГУ
942 _cBOOK
980 _aNB